Normal view
MARC view
Entry Personal Name
001 - CONTROL NUMBER
- control field: 76829
003 - CONTROL NUMBER IDENTIFIER
- control field: OSt
005 - DATE AND TIME OF LATEST TRANSACTION
- control field: 20230323102323.0
008 - FIXED-LENGTH DATA ELEMENTS
- fixed length control field: 230323|| aca||aabn | a|a d
040 ## - CATALOGING SOURCE
- Original cataloging agency: OSt
- Transcribing agency: OSt
100 ## - HEADING--PERSONAL NAME
- Personal name: CLINGHAM (Greg),Ed
670 ## - SOURCE DATA FOUND
- Source citation: Work cat.: (OSt)155665: CLINGHAM (Greg),Ed., Cambridge companion to Samuel Johnson., 1999